000 00687nam a2200229Ia 4500
005 20250508170003.0
008 008 250505s9999 xx 000 0 eng d
020 _a978-0-815-34987-7
037 _aTextBook
040 _aFEDL
_beng
_cFEDL
041 _aeng
_2eng
084 _a001.422, DEN/R
_qFEDL
100 _aDenzin Norman K Ed.
245 0 _aEthical futures in qualitative research: Decolonizing the politics of knowledge
260 _aLondon, UK
_bRoutledge
_c2007
300 _a279p.
365 _aINR
_b995
546 _aIndian reprint, 2018
700 _a Giardina Michael D Ed.
_9782611
942 _cTB
_h001.422, DEN/R
999 _c1398546
_d1398546